000
00301nam a22001217a 4500
008
230629b xxu||||| |||| 00| 0 eng d
082
_a
338.9
_b
ROS 2006
245
_a
Economics and Politics
260
_b
Blackwell Publishing Ltd
_c
2006
300
_a
102p
440
_x
09541985
_n
2
_v
18
942
_2
ddc
_c
BK
999
_c
3021
_d
3021